Largest Islands A-Z - Statistics

General Stats
  • This quiz has been taken 25 times
  • The average score is 11 of 26
Answer Stats
Hint Area (km²) Continent Answer % Correct
B 748,168 Asia Borneo
86%
I 101,826 Europe Iceland
81%
M 587,041 Africa Madagascar
81%
C 105,086 North America Cuba
76%
G 2,130,800 North America Greenland
76%
J 138,794 Asia Java
76%
H 227,938 Asia Honshu
71%
N 785,753 Oceania New Guinea
71%
S 443,065 Asia Sumatra
67%
L 109,965 Asia Luzon
62%
E 196,236 North America Ellesmere Island
57%
T 65,022 Oceania Tasmania
48%
K 36,782 Asia Kyushu
38%
V 217,291 North America Victoria Island
38%
Z 7,031 Europe Zealand
38%
X 156 Asia Xiamen Island
29%
D 55,247 North America Devon Island
24%
F 14,154 Asia Flores
24%
A 49,070 Antarctica Alexander Island
14%
Y 33,246 Europe Yuzhny Island
14%
P 33,339 North America Prince of Wales Island
10%
Q 1,488 Asia Qeshm Island
10%
R 7,910 Antarctica Roosevelt Island
10%
W 7,866 Asia Wrangel Island
10%
O 14,204 Asia October Revolution Island
5%
U 4,119 North America Unimak Island
5%
No matching quizzes found
Score Distribution
Percent of People with Each Score
Percentile by Number Answered
Your Score History
You have not taken this quiz